• 首页
  • 本馆介绍
  • 公告通知
  • 最新文献
  • 馆藏检索
  • 电子资源
  • 读者导购
  • 参考咨询
  • 我的图书馆
  • 登录
  • 详细信息显示
  • 放入我的书架
  • 预约/预借图书
  • 作者相关作品
  • 分类相关作品
  • 丛书相关作品
  • 出版社相关作品

书目信息

  • 表格格式
  • 工作单格式
  • 卡片格式
题名:
双色图解电子电路全掌握
    
 
作者: 门宏 主编
分册:  
出版信息: 北京   化学工业出版社  2018
页数: 342页
开本: 26cm
丛书名:
单 册:
中图分类: TN710-64
科图分类:
主题词: 电子电路--dian zi dian lu--基本知识--图解
电子资源:
ISBN: 978-7-122-32034-6
000 01152nam0 2200253 450
001 012001001080
005 20191108090342.68
010    @a978-7-122-32034-6@dCNY89.00
099    @aCAL 012018088280
100    @a20180625d2018 em y0chiy50 ea
101 0  @achi
102    @aCN@b110000
105    @aak z 000yy
106    @ar
200 1  @a双色图解电子电路全掌握@Ashuang se tu jie dian zi dian lu quan zhang wo@f门宏主编
205    @a第2版
210    @a北京@c化学工业出版社@d2018
215    @a342页@c图@d26cm
330    @a本书精选10大类240个经典电路和实用电路, 用双色图解的方式, 向读者逐一详细解析电路工作原理和应用, 内容涵盖控制电路、放大振荡电路、数字电路、电源电路、报警与保护电路、家用电器和实用电子制作电路等, 还配有数十个“知识链接”, 以拓展知识面。本书内容丰富, 通俗易懂, 电路均为作者实验所得, 准确可靠, 可直接用作电子制作。通过本书, 读者不仅能够学会看懂各类电路, 更可以按照书中电路进行再创作, 举一反三不断提高, 达到电子电路全掌握的目的。
606 0  @a电子电路@Adian zi dian lu@x基本知识@j图解
690    @aTN710-64@v5
701  0 @a门宏@Amen hong@4主编
801  0 @aCN@b北京卓展文化@c20191020
905    @b1197475-7@dTN710-64@e361=2@f3
    
    双色图解电子电路全掌握/门宏主编.-第2版.-北京:化学工业出版社,2018
    342页:图;26cm
    
    
    ISBN 978-7-122-32034-6:CNY89.00
    本书精选10大类240个经典电路和实用电路, 用双色图解的方式, 向读者逐一详细解析电路工作原理和应用, 内容涵盖控制电路、放大振荡电路、数字电路、电源电路、报警与保护电路、家用电器和实用电子制作电路等, 还配有数十个“知识链接”, 以拓展知识面。本书内容丰富, 通俗易懂, 电路均为作者实验所得, 准确可靠, 可直接用作电子制作。通过本书, 读者不仅能够学会看懂各类电路, 更可以按照书中电路进行再创作, 举一反三不断提高, 达到电子电路全掌握的目的。
●
相关链接 在E读中查询图书 在五车中查询图书 在当当中查询图书 在豆瓣中查询图书


正题名:双色图解电子电路全掌握     索取号:TN710-64/361=2         预约/预借

序号 登录号 条形码 馆藏地/架位号 状态 备注
1 1197475   211974755   第二样本阅览室/ [索取号:TN710-64/361=2] 在馆    
2 1197476   211974764   第三借阅区/ [索取号:TN710-64/361=2] 在馆    
3 1197477   211974773   第三借阅区/ [索取号:TN710-64/361=2] 在馆    
欢迎您!
大连网信软件有限公司© 版权所有